<?xml version="1.0" encoding="UTF-8"?>
<marc:record xmlns:marc="http://www.loc.gov/MARC21/slim">
   <marc:leader>00000nam a2200000 a 4500</marc:leader>
   <marc:datafield ind1="1" ind2=" " tag="100">
      <marc:subfield code="a">Swier, Wim</marc:subfield>
      <marc:subfield code="4">aut</marc:subfield>
      <marc:subfield code="e">Verfasser/-in</marc:subfield>
   </marc:datafield>
   <marc:datafield ind1="0" ind2="0" tag="245">
      <marc:subfield code="a">mini LÜK- Ich kann zählen</marc:subfield>
   </marc:datafield>
   <marc:datafield ind1="0" ind2="0" tag="245">
      <marc:subfield code="c">Swier, Wim</marc:subfield>
   </marc:datafield>
   <marc:datafield ind1=" " ind2="1" tag="264">
      <marc:subfield code="a">Braunschweig</marc:subfield>
      <marc:subfield code="b">Westermann Lernspielverlage GmbH</marc:subfield>
      <marc:subfield code="c">2018</marc:subfield>
   </marc:datafield>
   <marc:datafield ind1="1" ind2=" " tag="490">
      <marc:subfield code="a">MiniLÜK</marc:subfield>
   </marc:datafield>
   <marc:datafield ind1="1" ind2=" " tag="520">
      <marc:subfield code="a">Für Kinder ab 5 Jahren&#xD;
Spielerisch zählen lernen und das Gelernte vertiefen – das gelingt mit dem vorliegenden Heft ganz einfach. Kunterbunte Bälle, jede Menge Würfel, Autos, Sparschweine und ganze Tierkinderherden verleiten zum Immer-weiter-zählen-wollen und ersten Rechnen. Kinder ab 5 Jahren bauen so das fürs spätere Rechnen notwendige Zahlenverständnis weiter aus und werden dafür belohnt mit dem LÜK-Erfolgserlebnis, dem richtigen Muster!&#xD;
Alle Übungen stärken zudem die Konzentrationsfähigkeit der Kinder und über den intuitiven Ansatz und das integrierte Rückmeldesystem zum Lernerfolg zusätzlich auch ihre Motivation und ihren Lerneifer. Mit Extra-Aufgaben für ganz Schlaue!&#xD;
Inhalt:&#xD;
2 Wie viele Tiere zählst du?&#xD;
4 An welcher Stelle sitzt der große Kreis?&#xD;
6 Welche Zahl fehlt in der Reihe?&#xD;
8 Wie teuer war das Geschenk?&#xD;
10 Zähle die Augen der beiden Würfel zusammen.&#xD;
12 Welche Zahl hast du gewürfelt?&#xD;
14 Stau! Wie viele Autos zählst du?&#xD;
16 Wie viele Autos parken hier? Und wie viele hätten noch Platz?&#xD;
18 Zähle die Kaninchen und die Möhren.&#xD;
20 Wie viele Euros fehlen noch?&#xD;
22 Zähle die Finger, Entchen und Bälle.&#xD;
24 Wie viele Formen in der gleichen Farbe zählst du? &#xD;
Zur Bearbeitung dieses Übungsheftes benötigen Sie das miniLÜK-Lösungsgerät.</marc:subfield>
   </marc:datafield>
   <marc:datafield ind1=" " ind2=" " tag="020">
      <marc:subfield code="a">9783837745443</marc:subfield>
      <marc:subfield code="9">9783837745443</marc:subfield>
   </marc:datafield>
   <marc:datafield ind1=" " ind2=" " tag="020">
      <marc:subfield code="a">3837745449</marc:subfield>
      <marc:subfield code="9">3837745449</marc:subfield>
   </marc:datafield>
   <marc:datafield ind1=" " ind2=" " tag="041">
      <marc:subfield code="a">ger</marc:subfield>
   </marc:datafield>
   <marc:datafield ind1=" " ind2=" " tag="338">
      <marc:subfield code="a">Band</marc:subfield>
   </marc:datafield>
   <marc:datafield ind1=" " ind2=" " tag="300">
      <marc:subfield code="a">25 Seiten</marc:subfield>
   </marc:datafield>
</marc:record>
